| 000 | 00420nam a22001697a 4500 | ||
|---|---|---|---|
| 003 | NUST - PNEC | ||
| 005 | 20170116181051.0 | ||
| 008 | 150929b xxu||||| |||| 00| 0 eng d | ||
| 022 | _20748334041 | ||
| 040 | _cLIBRARY | ||
| 082 | _a657.076 FOU | ||
| 100 |
_911874 _aCIMA |
||
| 245 |
_aStage 2 Financial accounting _cCIMA |
||
| 260 | _c1996 | ||
| 650 |
_911873 _aManagement Information system _xMIS |
||
| 942 |
_2ddc _cBK |
||
| 999 |
_c68386 _d68386 |
||